Statistiques concernant pokemon legendaires (français)

Cliquez ici pour prendre le quiz!

Statistiques générales

  • Ce quiz a été pris 6,842 fois
  • Le résultat moyen est 40 sur 54

Statistiques - réponses

Numéro du pokemon Pokemon % Correct
151Mew
97%
146Sulfura
96%
150Mewtwo
96%
144Artikodin
94%
249Lugia
91%
383Groudon
91%
145Electhor
90%
382Kyogre
89%
245Suicune
89%
244Entei
88%
484Palkia
88%
483Dialga
88%
250Ho-oh
87%
243Raikou
86%
384Rayquaza
85%
487Giratina
83%
251Celebi
83%
644Zekrom
80%
377Regirock
79%
716Xerneas
79%
717Yveltal
78%
379Registeel
78%
493Arceus
77%
378Regice
77%
643Reshiram
77%
486Regigigas
74%
385Jirachi
74%
381Latios
74%
482Créfadet
74%
380Latias
74%
491Darkrai
73%
386Deoxys
72%
481Créfollet
71%
718Zygarde
70%
480Créhelf
70%
646Kyurem
70%
488Cresselia
66%
490Manaphy
64%
494Victini
63%
489Phione
62%
492Shaymin
62%
640Viridium
62%
638Cobaltium
61%
639Terrakium
61%
485Heatran
60%
647Keldeo
59%
720Hoopa
59%
721Volcanion
58%
642Fulguris
58%
641Boréas
57%
645Démétéros
57%
719Diancie
54%
649Genesect
53%
648Meloetta
50%

Distribution des résultats

Percentile by Number Answered

% des personnes avec chaque résultat

Votre développement - résultats

Vous n’avez pas pris ce quiz